| 000 | 00803cam a2200181 a 4500 | ||
|---|---|---|---|
| 020 | _a9789250069128 (pbk.) | ||
| 020 | _a925006912X (pbk.) | ||
| 040 | _cDLC | ||
| 082 | 0 | 0 | _a338 FOO 2011 A079 Or. |
| 245 | 0 | 0 |
_aTechnical guidelines on aquaculture certification = _bDirectives techniques relative à la certification en aquaculture = Directrices técnicas para la certificación en la acuicultura. |
| 246 | 3 | 1 | _aDirectives techniques relative à la certification en aquaculture |
| 246 | 3 | 1 | _aDirectrices téchnicas para la certificación en la acuicultura |
| 260 |
_aRome : _bFood and Agriculture Organization of the United Nations, _c2011. |
||
| 300 |
_aviii, 122 p. ; _c21 cm. |
||
| 650 | 0 | _aAquaculture industry | |
| 710 | 2 | _aFood and Agriculture Organization of the United Nations. | |
| 942 | _cEK | ||
| 999 |
_c15949 _d15949 |
||